Social Sciences-X (Record no. 11647)

MARC details
000 -LEADER
fixed length control field 00245nam a22000977a 4500
008 - FIXED-LENGTH DATA ELEMENTS--GENERAL INFORMATION
fixed length control field 191015b ||||| |||| 00| 0 eng d
020 ## - INTERNATIONAL STANDARD BOOK NUMBER
International Standard Book Number 9789352831647
100 ## - MAIN ENTRY--PERSONAL NAME
Personal name Chowdhry
9 (RLIN) 7350
245 ## - TITLE STATEMENT
Title Social Sciences-X
260 ## - PUBLICATION, DISTRIBUTION, ETC. (IMPRINT)
Place of publication, distribution, etc. New Delhi
Name of publisher, distributor, etc. S Chand
Date of publication, distribution, etc. 2017
Holdings
Withdrawn status Lost status Source of classification or shelving scheme Damaged status Koha normalized classification for sorting Not for loan Home library Current library Shelving location Date acquired Total Checkouts Full call number Barcode Date last seen Price effective from Koha item type
    Dewey Decimal Classification   300_000000000000000   Good Samaritan School Library Good Samaritan School Library Social Science 10/15/2019   300 CHO15597 10/15/2019 10/15/2019 BOOK

Powered by Koha